000 00442cam a22001337a 4500
008 180718b1977 xxu||||| |||| 00| 0 eng d
082 _aA81x54 In2/71/1/Pt2B/3
100 _aCensus of India 1971
245 _aIndia. general economic tables
260 _aDelhi
_bThe Controller of Publications
_c1977
300 _a664+p.
440 _aCensus of India 1971. Series-1, India. Part II-B (iii)
500 _aContents: Table B-IV, Parts A, B, C & D
999 _c484793
_d484793